| 000 | 00846nam0a22002411 4500 | ||
|---|---|---|---|
| 001 | rc\1022800 | ||
| 005 | 20041129102642.3 | ||
| 035 | _a(NLR Aleph) 006187293 | ||
| 090 |
_a6128885 _c6128885 |
||
| 100 | _a20041129d1981 u |0rusy50 ca | ||
| 101 | 0 | _arus | |
| 102 | _aRU | ||
| 105 | _aa ||||||||| | ||
| 200 | 1 |
_aОтзывчивое поле _e[Колхоз "Путь к коммунизму" Пушкин. р-на] |
|
| 210 |
_aМ. _cМоск. рабочий _d1981 |
||
| 215 |
_a129 с., 16 л. ил. _d20 |
||
| 700 | 1 |
_aПетров _bА. Н. _cписатель, д-р филос. наук _f1946- _gАркадий Наумович _3RU\NLR\AUTH\77101405 _4070 |
|
| 701 | 1 |
_aПронькин _bИ. С. _gИван Степанович |
|
| 801 | 0 |
_aRU _bNLR _gpsbo |
|
| 801 | 1 |
_aRU _bELAR _2rusmarc |
|
| 852 |
_aNLR _j82-3/2342 |
||
| 942 | _cBOOK | ||
| 980 | _aNB | ||